000 00283nam a2200109Ia 4500
008 200302s9999 xx 000 0 und d
100 _aNabhi's
245 _aCompilation of Analysis of Rates Civil Works 2000 Vol 1
260 _bNabhi Publications
260 _c2000
300 _a704 P.,
999 _c1862
_d1862